LEADER 01293nam a2200301 i 4500 001 000000168956 003 CaOOAMICUS 005 20080205000000.0 008 080205s2004 it u000 u ita u 013 $a146358 020 $a88-7016-466-7 040 $aSeMil$bita 100 1 $aGenre, Ermanno,$d<1943- >.$0(OLS)http://semarc/name/23079 245 13$aIl culto cristiano :$buna prospettiva protestante /$cErmanno Genre. 260 $aTorino :$bClaudiana,$c2004. 300 $a259 p., [8] p. di tav. ;$c21 cm. 490 0 $aPiccola biblioteca teologica ;$v66 500 $aContiene : Appendice ; Bibliografia. 650 4$aCulto - Studi.$0(OLS)http://semarc/subject/9077 650 4$aCulto.$0(OLS)http://semarc/subject/893 650 4$aCulto - Prospettiva protestante.$0(OLS)http://semarc/subject/32221 830 0$aPiccola biblioteca teologica ;$v66.$0(OLS)http://semarc/title/5954 850 $aSeMil 852 $aSeMil$W1$xVenegono$y1$m2K III 68$j119939$B119939$CSeMilBibl$Z2$F131357 $81 961 $aOmaggio: Caspani don Pierpaolo 996 $6020$a88-7016-466-7$9(OLS)http://semarc/number/155798 996 $6245$aIl culto cristiano :$buna prospettiva protestante$9(OLS)http://semarc/title/241644 996 $6260$aTorino :$bClaudiana$9(OLS)http://semarc/publisher/29837 LEADER 01380nam a2200301 i 4500 001 000000037937 003 CaOOAMICUS 005 20140515000000.0 008 140515s1985 it u000 u ita u 013 $a8326 020 $a88-311-3609-7 040 $aSeMil$bita 100 1 $aKnoch, Otto,$d<1926- >.$0(OLS)http://semarc/name/18155 240 10$a«Wirst du an de Toten Wunder wirken?» Sterben, Tod und ewiges Leben im Zeugnis de Bibel.$0(OLS)http://semarc/title/53323 245 10$aMorte e vita eterna secondo la Bibbia /$cOtto Knoch ; [traduzione dal tedesco di Uta Brehme e Mario Devena]. 260 $aRoma :$bCittà Nuova,$ccopyr. 1985. 300 $a247 p. ;$c20 cm. 490 0 $aCollana scritturistica di Città Nuova 650 4$aBibbia - Antropologia.$0(OLS)http://semarc/subject/1322 700 1 $aDevena, Mario.$0(OLS)http://semarc/name/18157 700 1 $aBrehme, Uta.$0(OLS)http://semarc/name/18156 830 0$aCollana scritturistica di Città Nuova.$0(OLS)http://semarc/title/6118 850 $aSeMil 852 $aSeMil$W1$xVenegono$y1$m2Z I 267$j4092$B4092$CSeMilBibl$Z2$F4092 $81 961 $aAcquisto: Città Nuova 996 $6020$a88-311-3609-7$9(OLS)http://semarc/number/7056 996 $6245$aMorte e vita eterna secondo la Bibbia$9(OLS)http://semarc/title/53322 996 $6260$aRoma :$bCittà Nuova$9(OLS)http://semarc/publisher/29609